| 000 | 00633nam a2200241Ia 4500 | ||
|---|---|---|---|
| 003 | OSt | ||
| 005 | 20220924152417.0 | ||
| 006 | a|||||r|||| 00| 0 | ||
| 007 | ta | ||
| 008 | 220923b |||||||| |||| 00| 0 mar d | ||
| 024 | _a342413 | ||
| 037 | _cTextual | ||
| 040 |
_aARTS _cARTS _bmar |
||
| 041 |
_2mar _amar |
||
| 082 | _aR635x1,1, 155K0 | ||
| 100 |
_aKolhatkar Krishnaji Kasav Au. _9226613 |
||
| 245 | 0 | _aBhartiya mansashastra | |
| 260 | _c1960 | ||
| 300 |
_a691p. _ccm. |
||
| 650 | _aPHILOSOPHY | ||
| 942 |
_hR635x1,1, 155K0 _cTEXL _2CC |
||
| 999 |
_c469750 _d469750 |
||